000
00329 a2200157 4500
001
155303
040
_c
Escola São Tomás de Aquino
100
_a
DANTE, Luiz Roberto
240
1
0
_a
matemática
_l
por
245
1
0
_a
matemática
300
_a
384
362
0
_a
2011
440
1
_a
Ática
697
_a
MATEMÁTICA
942
_c
BK
999
_c
155303
_d
155303